Catatan hati Nik Nur Madihah : kesusahan bukan penghalang kejayaan

Bibliographic Details
Main Author: Nik Nur Madihah Nik Mohd Kamal
Other Authors: Ummu Hani Abu Hassan
Format: Book
Published: Selangor : Hijjaz Records Pub , 2009
Subjects:

MARC

LEADER 00000cam a2200000 7i4500
001 0000031730
005 20120330.0
008 120330
020 |a 9834222987 
090 0 0 |a 370.154   |b NIK 
100 0 |a Nik Nur Madihah Nik Mohd Kamal 
245 1 0 |a Catatan hati Nik Nur Madihah :   |b kesusahan bukan penghalang kejayaan   |c Nik Nur Madihah Nik Mohd Kamal, Ummu Hani Abu Hassan 
260 |a Selangor :   |b Hijjaz Records Pub ,   |c 2009 
600 0 |a Nik Nur Madihah Nik Mohd Kamal 
650 0 |a Academic achievement   |z Kelantan   |x Anecdotes 
700 0 |a Ummu Hani Abu Hassan 
999 |a 0001142608   |b Book   |c Adult Collection   |e Perbadanan Perpustakaan Awam Johor 
999 |a 0001142609   |b Book   |c Adult Collection   |e Perbadanan Perpustakaan Awam Johor 
999 |a 0001152901   |b Book   |c Adult Collection   |e Perbadanan Perpustakaan Awam Johor 
999 |a 0001156576   |b Book   |c Adult Collection   |e Cawangan Tmn. Ungku Tun Aminah 
999 |a 0001156578   |b Book   |c Adult Collection   |e Cawangan Mersing 
999 |a 0001156579   |b Book   |c Adult Collection   |e Cawangan Bandar Penawar 
999 |a 0001156580   |b Book   |c Adult Collection   |e Cawangan Pontian 
999 |a 0001156586   |b Book   |c Adult Collection   |e Cawangan Bandar Tenggara 
999 |a 0001156588   |b Book   |c Adult Collection   |e Cawangan Tmn. Ungku Tun Aminah